| 000 | 00387nam a2200145Ia 4500 | ||
|---|---|---|---|
| 008 | 210210b1986 xxu||||| |||| 00| 0 eng d | ||
| 082 | _a820.13 SUBR | ||
| 100 | _aSUBRAMANIA BHARATI. | ||
| 245 | _aBard of Bharat. | ||
| 260 |
_aN D _bMinistry of I & B Govt. of India _c1986 |
||
| 300 | _a-- | ||
| 650 | _aBard Bharat Poems Criticism | ||
| 690 | _aIndian English Poetry | ||
| 906 | _a041746 | ||
| 999 |
_c91338 _d91338 |
||